00847nam a22002297a 450000500170000001000150001702000270003203500140005903700130007308200130008610000210009924501350012025000110025526000310026627000850029730000260038250000190040870000220042794200270044999900190047695201220049520170726110028.0 aENG-119400 a9789350358672c2250.00 aEN-102932 bDBAD/PUB a342.5407 aRama Devi, V. S. aHow India votes :belection laws, practice and procedure /cby V. S. Rama Devi [and] S. K. Mendiratta ; foreworded by V.S. Sampath a4th ed aGurgaonbLexis Nexisc2017 a14th floor, Building No 10, Tower-B, DLF Cyber City, Phase-ll, bGurgaone122002 aIxiv,1767p.c25cm(Hb) aIncludes index aMendiratta, S. K. 2ddccENmRAMh342.5407 c142848d142848 001040708REFaLbLd2017-07-26eDBAD/PUBg2250.00l0o342.5407 RAMpEN-102932r2017-07-26 00:00:00t1v2250.00yEN